[Event "Maharashtra Chess League"]
[Site "Pune"]
[Date "2014.06.12"]
[Round "3"]
[White "Sharma, Himanshu"]
[Black "Mohanty, Kiran Manisha"]
[Result "0-1"]
[WhiteElo "2427"]
[BlackElo "2195"]
[PlyCount "140"]
[EventDate "2014.06.11"]
[EventType "team"]
[EventCountry "IND"]

1. Nf3 Nf6 2. c4 c5 3. g3 g6 4. Bg2 Bg7 5. O-O O-O 6. d4 cxd4 7. Nxd4 Nc6 8.
Nc2 d6 9. Nc3 Be6 10. Ne3 Rc8 11. Bd2 Qd7 12. Rc1 Bh3 13. b3 Bxg2 14. Kxg2 Ng4
15. f3 Nxe3+ 16. Bxe3 Rfd8 17. Qd2 Qe6 18. Bf2 h5 19. e4 Kh7 20. Qd5 Qf6 21. f4
Qe6 22. Qxe6 fxe6 23. Rfd1 b6 24. Rd2 Rf8 25. Be3 Bh6 26. Re1 Bg7 27. Ne2 e5
28. Rf1 Bh6 29. Nc3 exf4 30. gxf4 Rf7 31. Rf3 Rcf8 32. Rdf2 Bg7 33. Nb5 Rc8 34.
f5 g5 35. Bxg5 a6 36. Na3 Rg8 37. h4 Ne5 38. Rg3 Ng4 39. Re2 Be5 40. Rh3 Rfg7
41. Nc2 Bf6 42. Kf3 Bxg5 43. hxg5 Rxg5 44. Nd4 Kh6 45. Nc6 R8g7 46. Rd2 Rf7 47.
Nd8 Rfg7 48. Nc6 Nf6 49. Nb4 Rg4 50. Rdh2 R4g5 51. Re2 Nd7 52. Nd5 Ne5+ 53. Ke3
Rg3+ 54. Rxg3 Rxg3+ 55. Kf2 h4 56. Nxe7 Ng4+ 57. Ke1 h3 58. f6 Rg1+ 59. Kd2
Nxf6 60. Re3 Rg2+ 61. Kd3 h2 62. Rh3+ Nh5 63. Nf5+ Kg5 64. Kd4 Rd2+ 65. Kc3
Rxa2 66. Kd4 Rd2+ 67. Kc3 Re2 68. Kd4 a5 69. Kd3 Nf4+ 70. Kc3 Nxh3 0-1

[Event "Maharashtra Chess League"]
[Site "Pune"]
[Date "2014.06.12"]
[Round "3"]
[White "Swaminathan, Soumya"]
[Black "Bakre, Tejas"]
[Result "1/2-1/2"]
[WhiteElo "2298"]
[BlackElo "2507"]
[PlyCount "134"]
[EventDate "2014.06.11"]
[EventType "team"]
[EventCountry "IND"]

1. e4 c5 2. Nf3 d6 3. d4 cxd4 4. Nxd4 Nf6 5. Nc3 Nc6 6. Bg5 e6 7. Qd2 a6 8.
O-O-O Bd7 9. f3 Be7 10. Kb1 Rc8 11. h4 b5 12. Nxc6 Bxc6 13. Ne2 Bb7 14. Nd4 O-O
15. g4 Qc7 16. Bg2 Rfd8 17. h5 e5 18. Nf5 d5 19. Qe2 dxe4 20. fxe4 h6 21. Bh4
Kf8 22. g5 hxg5 23. Bxg5 Qc4 24. Rd3 Ng8 25. Nxe7 Nxe7 26. h6 gxh6 27. Rxh6 Rd4
28. Rh8+ Ng8 29. b3 Qc6 30. Qd2 Kg7 31. Rh1 Rxd3 32. cxd3 f6 33. Bh6+ Kf7 34.
Be3 Rd8 35. Rh7+ Ke8 36. Qe2 Rd7 37. Qh5+ Kd8 38. Qg4 Ne7 39. Bd2 Kc7 40. Ba5+
Kb8 41. Qh3 Bc8 42. Qe3 Ng6 43. Rxd7 Bxd7 44. Qb6+ Qxb6 45. Bxb6 Nf4 46. Bf1
Kc8 47. Be3 Ng6 48. Kc2 Bc6 49. Bh3+ Kd8 50. Bf5 Ne7 51. Bb6+ Ke8 52. Be6 Bd7
53. Bxd7+ Kxd7 54. Be3 Nc6 55. Kc3 Ke6 56. a4 f5 57. exf5+ Kxf5 58. axb5 axb5
59. Bc5 Ke6 60. b4 Kd5 61. Be3 Ne7 62. Bc5 Nf5 63. Bf2 Nd4 64. Be3 Nf5 65. Bf2
Ke6 66. Bc5 Ng7 67. Kd2 Nf5 1/2-1/2

[Event "Maharashtra Chess League"]
[Site "Pune"]
[Date "2014.06.12"]
[Round "3"]
[White "Vignesh, Nr"]
[Black "Shah, Sagar"]
[Result "1-0"]
[WhiteElo "2085"]
[BlackElo "2314"]
[PlyCount "91"]
[EventDate "2014.06.11"]
[EventType "team"]
[EventCountry "IND"]

1. d4 Nf6 2. c4 e6 3. g3 Bb4+ 4. Bd2 Qe7 5. Bg2 Nc6 6. Nf3 Bxd2+ 7. Nbxd2 O-O
8. O-O d6 9. Rc1 e5 10. d5 Nb8 11. e4 a5 12. b3 Na6 13. a3 Bd7 14. Ne1 c6 15.
dxc6 bxc6 16. Nd3 Nc5 17. Qc2 Rfb8 18. Rb1 Ne6 19. Rfe1 Nd4 20. Qc3 c5 21. Nf3
Be6 22. b4 axb4 23. axb4 Ra2 24. Nxd4 cxd4 25. Qc1 Rc8 26. c5 dxc5 27. bxc5 Qc7
28. Qg5 h6 29. Qxe5 Qxe5 30. Nxe5 Rxc5 31. Nd3 Rc3 32. Nb4 Ra4 33. Red1 Rc4 34.
Nd3 Rc3 35. Nf4 Bb3 36. Rd2 Bc2 37. Re1 g5 38. e5 gxf4 39. exf6 fxg3 40. Rxc2
gxh2+ 41. Kxh2 h5 42. Re8+ Kh7 43. Be4+ Kh6 44. f4 Rxc2+ 45. Bxc2 d3 46. Bxa4
1-0

[Event "Maharashtra Chess League"]
[Site "Pune"]
[Date "2014.06.13"]
[Round "4"]
[White "Mohanty, Kiran Manisha"]
[Black "Gupta, Abhijeet"]
[Result "0-1"]
[WhiteElo "2195"]
[BlackElo "2636"]
[PlyCount "78"]
[EventDate "2014.06.11"]
[EventType "team"]
[EventCountry "IND"]

1. e4 c5 2. Nf3 d6 3. d4 cxd4 4. Nxd4 Nf6 5. Nc3 Nc6 6. Bg5 e6 7. Qd2 a6 8.
O-O-O Bd7 9. f3 Be7 10. h4 O-O 11. Kb1 Nxd4 12. Qxd4 Bc6 13. Qd2 b5 14. Ne2 Bb7
15. Nd4 Rc8 16. Bd3 Nd7 17. g4 Ne5 18. Bxe7 Qxe7 19. g5 d5 20. Qf4 Qc7 21. Rhe1
Rfd8 22. exd5 Nxd3 23. Qxc7 Rxc7 24. Rxd3 Rxd5 25. f4 g6 26. Nb3 h6 27. Nd2 Rf5
28. Rd4 Kg7 29. b3 Rc3 30. Rd7 Bd5 31. Rf1 b4 32. Rf2 Rh3 33. Rd6 a5 34. Nf1
Rxh4 35. Ne3 Rfxf4 36. Rxf4 Rxf4 37. Nxd5 exd5 38. Rxd5 hxg5 39. Rxa5 Kh6 0-1

[Event "Maharashtra Chess League"]
[Site "Pune"]
[Date "2014.06.13"]
[Round "4"]
[White "Narayanan, Sunilduth Lyna"]
[Black "Adhiban, B."]
[Result "0-1"]
[WhiteElo "2413"]
[BlackElo "2575"]
[PlyCount "54"]
[EventDate "2014.06.11"]
[EventType "team"]
[EventCountry "IND"]

1. e4 c5 2. Nf3 d6 3. Bb5+ Nd7 4. O-O Ngf6 5. Re1 a6 6. Bd3 b5 7. c4 Ne5 8.
Nxe5 dxe5 9. Be2 b4 10. a3 e6 11. d3 Be7 12. axb4 cxb4 13. Be3 O-O 14. Nd2 Bd7
15. c5 Bb5 16. Qb3 a5 17. h3 Nd7 18. Rec1 Rc8 19. Qa2 a4 20. b3 a3 21. Nf3 Bxc5
22. Bxc5 Nxc5 23. Nxe5 Qd4 24. Nf3 Qb2 25. Rd1 Qxa2 26. Rxa2 Nxb3 27. d4 Nc1
0-1

[Event "Maharashtra Chess League"]
[Site "Pune"]
[Date "2014.06.13"]
[Round "4"]
[White "Patil, Pratik"]
[Black "Kulkarni, Vikramaditya"]
[Result "1-0"]
[WhiteElo "2203"]
[BlackElo "2403"]
[PlyCount "119"]
[EventDate "2014.06.11"]
[EventType "team"]
[EventCountry "IND"]

1. e4 c5 2. c3 d5 3. exd5 Qxd5 4. d4 Nf6 5. Nf3 g6 6. Na3 cxd4 7. Bc4 Qe4+ 8.
Be3 dxe3 9. Bxf7+ Kxf7 10. Ng5+ Kg7 11. Nxe4 Nxe4 12. Qd4+ Nf6 13. Qxe3 Nc6 14.
O-O h5 15. Nb5 Kf7 16. Rfe1 Bf5 17. Rad1 Bh6 18. Qe2 Rae8 19. Qc4+ Kg7 20. Nc7
Rd8 21. Ne6+ Bxe6 22. Qxe6 Bd2 23. Re2 Bf4 24. Rde1 Bd2 25. Rd1 Bf4 26. Rde1
Rd5 27. g3 Bd6 28. b4 Rf8 29. a4 a6 30. f4 Rd8 31. Kg2 Rd7 32. Qe3 Bb8 33. Qc1
Ba7 34. c4 Rd3 35. b5 Nd4 36. Rxe7+ Kf8 37. Rxd7 Nxd7 38. Rd1 Nc5 39. Rxd3 Nxd3
40. Qa3+ Nc5 41. Qb4 Nde6 42. bxa6 bxa6 43. Qb1 Kf7 44. Qd1 Bb8 45. f5 gxf5 46.
Qxh5+ Ke7 47. Qxf5 Nxa4 48. h4 Nb6 49. Qa5 Bc7 50. Qxa6 Nc5 51. Qb5 Kd6 52. h5
Nbd7 53. h6 Bd8 54. Qb1 Bf6 55. Qg6 Kc7 56. h7 Ba1 57. Qg8 Nb6 58. h8=Q Bxh8
59. Qxh8 Nxc4 60. Qd4 1-0

[Event "Maharashtra Chess League"]
[Site "Pune"]
[Date "2014.06.13"]
[Round "4"]
[White "Sachdev, Tania"]
[Black "Srinath, Narayanan"]
[Result "1/2-1/2"]
[WhiteElo "2368"]
[BlackElo "2484"]
[PlyCount "116"]
[EventDate "2014.06.11"]
[EventType "team"]
[EventCountry "IND"]

1. d4 Nf6 2. c4 c5 3. d5 g6 4. Nc3 Bg7 5. e4 O-O 6. f3 e6 7. Nge2 exd5 8. cxd5
Re8 9. Bg5 h6 10. Be3 d6 11. Qd2 h5 12. Bg5 Nbd7 13. Ng3 h4 14. Nge2 h3 15.
gxh3 Ne5 16. Bg2 Bxh3 17. O-O Qd7 18. Ng3 Nh7 19. Bf4 Bxg2 20. Kxg2 Nc4 21. Qe2
b5 22. Rac1 Rab8 23. b3 Ne5 24. Nd1 Qe7 25. Nf2 Qh4 26. Qd2 c4 27. Bxe5 Bxe5
28. Ng4 Bg7 29. bxc4 bxc4 30. Rxc4 Ng5 31. Rc2 f5 32. exf5 gxf5 33. Nf2 Be5 34.
Qd3 Rbc8 35. Rxc8 Rxc8 36. Qxf5 Rf8 37. Qg4 Qxg4 38. Nxg4 Bd4 39. Ne4 Nf7 40.
Rd1 Bb6 41. Nef6+ Kh8 42. Nd7 Rc8 43. Nxb6 Rc2+ 44. Kg3 axb6 45. Rb1 Rxa2 46.
Rxb6 Rd2 47. Rb7 Kg7 48. Ne3 Rd3 49. Kf4 Kg6 50. Re7 Ng5 51. Rd7 Nh3+ 52. Kg3
Rxe3 53. Rxd6+ Kf5 54. Kxh3 Rxf3+ 55. Kg2 Rd3 56. Rd8 Ke5 57. h4 Rxd5 58. Rxd5+
Kxd5 1/2-1/2

[Event "Maharashtra Chess League"]
[Site "Pune"]
[Date "2014.06.13"]
[Round "4"]
[White "Pujari, Rucha"]
[Black "Dharia, Parnali"]
[Result "1-0"]
[WhiteElo "2131"]
[BlackElo "1874"]
[PlyCount "56"]
[EventDate "2014.06.11"]
[EventType "team"]
[EventCountry "IND"]

1. d4 Nf6 2. c4 d5 3. cxd5 Nxd5 4. e4 Nf6 5. Nc3 e6 6. Be3 Bb4 7. Bd3 Nbd7 8.
Nf3 c5 9. O-O cxd4 10. Bxd4 O-O 11. e5 Bxc3 12. bxc3 Nd5 13. Rb1 b6 14. Be4 Ba6
15. Re1 Rc8 16. Qc2 h6 17. Bxd5 exd5 18. e6 fxe6 19. Qg6 e5 20. Qe6+ Rf7 21.
Nxe5 Nxe5 22. Rxe5 Bc4 23. Rbe1 Qd7 24. Qg6 Qc6 25. Re6 Qd7 26. Bxg7 Bd3 27.
Qxd3 Rxg7 28. Rxh6 d4 1-0

[Event "Maharashtra Chess League"]
[Site "Pune"]
[Date "2014.06.13"]
[Round "4"]
[White "Prasanna Rao, S."]
[Black "Gujrathi, Vidit"]
[Result "0-1"]
[WhiteElo "2427"]
[BlackElo "2549"]
[PlyCount "48"]
[EventDate "2014.06.11"]
[EventType "team"]
[EventCountry "IND"]

1. e4 c6 2. d4 d5 3. exd5 cxd5 4. c4 Nf6 5. Nc3 Nc6 6. Bg5 Ne4 7. Nxe4 dxe4 8.
d5 Ne5 9. Qd4 f6 10. Bf4 Ng4 11. Be3 e5 12. Qc3 Nxe3 13. fxe3 Qb6 14. a3 a5 15.
Kf2 Bc5 16. Re1 O-O 17. g3 f5 18. Qxe5 f4 19. gxf4 Bd6 20. Qd4 Rxf4+ 21. Ke2
Bc5 22. Qc3 Bxe3 23. c5 Bxc5 24. Bh3 Bxh3 0-1

[Event "Maharashtra Chess League"]
[Site "Pune"]
[Date "2014.06.13"]
[Round "4"]
[White "Swaminathan, Soumya"]
[Black "Ghate, Swathi"]
[Result "0-1"]
[WhiteElo "2298"]
[BlackElo "2265"]
[PlyCount "94"]
[EventDate "2014.06.11"]
[EventType "team"]
[EventCountry "IND"]

1. e4 e5 2. Nf3 Nc6 3. Bb5 a6 4. Ba4 Nf6 5. O-O Be7 6. d3 d6 7. c3 O-O 8. Re1
b5 9. Bc2 d5 10. Nbd2 d4 11. a4 dxc3 12. bxc3 b4 13. Bb2 Be6 14. cxb4 Nxb4 15.
Nxe5 c5 16. Ndc4 Rb8 17. Bc3 Qc7 18. Nf3 Nd7 19. h3 Bf6 20. Bxf6 Nxf6 21. Bb1
Rfd8 22. Qe2 Nd7 23. Ra3 h6 24. e5 Nf8 25. Nd6 Ng6 26. d4 Nd5 27. Qe4 c4 28.
Ba2 Rxd6 29. exd6 Qxd6 30. Rae3 Nxe3 31. Qxe3 Nf4 32. Ne5 Nd5 33. Qg3 Qb4 34.
Rb1 Qxb1+ 35. Bxb1 Rxb1+ 36. Kh2 c3 37. Qd3 Rb2 38. Nc4 Rxf2 39. Ne3 Rd2 40.
Qe4 Re2 41. Qd3 Rxe3 42. Qxa6 c2 43. Qf1 Rc3 44. Qc1 Nb4 45. a5 Nd3 46. Qe3
c1=Q 47. Qf3 Qf4+ 0-1

[Event "Maharashtra Chess League"]
[Site "Pune"]
[Date "2014.06.13"]
[Round "4"]
[White "Sethuraman, S P."]
[Black "Shah, Sagar"]
[Result "1/2-1/2"]
[WhiteElo "2579"]
[BlackElo "2314"]
[PlyCount "33"]
[EventDate "2014.06.11"]
[EventType "team"]
[EventCountry "IND"]

1. b3 d5 2. Bb2 Nf6 3. e3 c5 4. Nf3 Nc6 5. Bb5 e6 6. Bxc6+ bxc6 7. Ne5 Bd6 8.
O-O Qc7 9. f4 O-O 10. Rf3 Ne8 11. Qe1 f6 12. Ng4 e5 13. fxe5 fxe5 14. Rh3 g6
15. Nh6+ Kh8 16. Rh4 Ng7 17. Na3 1/2-1/2

[Event "Maharashtra Chess League"]
[Site "Pune"]
[Date "2014.06.13"]
[Round "4"]
[White "Thejkumar, M  S."]
[Black "Udeshi, Aditya"]
[Result "1-0"]
[WhiteElo "2446"]
[BlackElo "2420"]
[PlyCount "81"]
[EventDate "2014.06.11"]
[EventType "team"]
[EventCountry "IND"]

1. d4 Nf6 2. c4 e6 3. Nf3 c5 4. d5 exd5 5. cxd5 d6 6. Nc3 g6 7. Nd2 a6 8. a4
Nbd7 9. e4 Bg7 10. Be2 O-O 11. O-O Re8 12. Ra3 Rb8 13. Re1 Ne5 14. h3 g5 15.
Nf1 h6 16. Ng3 Bd7 17. a5 Qc7 18. Qc2 Re7 19. Nd1 Rbe8 20. Ne3 Ng6 21. f3 Nh4
22. Bd2 Nh7 23. Bc3 Bxc3 24. Qxc3 f6 25. b4 Bc8 26. bxc5 dxc5 27. Ngf1 f5 28.
Bc4 Qd6 29. Rb3 b5 30. axb6 fxe4 31. fxe4 Rxe4 32. b7 Bxh3 33. b8=Q Rxb8 34.
Rxb8+ Qxb8 35. d6+ Be6 36. Nf5 Nxf5 37. Rxe4 Bxc4 38. Qxc4+ Kh8 39. d7 Nf6 40.
Qf7 c4 41. Re8+ 1-0

[Event "Maharashtra Chess League"]
[Site "Pune"]
[Date "2014.06.13"]
[Round "4"]
[White "Gomes, Mary Ann"]
[Black "Joshi, Supriya"]
[Result "1-0"]
[WhiteElo "2367"]
[BlackElo "1814"]
[PlyCount "51"]
[EventDate "2014.06.11"]
[EventType "team"]
[EventCountry "IND"]

1. Nf3 Nf6 2. g3 g6 3. b3 Bg7 4. Bb2 O-O 5. c4 c6 6. Bg2 d5 7. O-O dxc4 8. bxc4
c5 9. d3 Nc6 10. Nbd2 Qc7 11. Nb3 b6 12. a4 Rb8 13. Bc3 h6 14. a5 Be6 15. axb6
axb6 16. Qc1 Nd7 17. Bxg7 Kxg7 18. d4 Nxd4 19. Nbxd4 cxd4 20. Nxd4 Qxc4 21. Qb2
Kh7 22. Rfc1 Qc5 23. Nxe6 fxe6 24. Rxc5 bxc5 25. Qc2 Rfc8 26. Ra7 1-0

[Event "Maharashtra Chess League"]
[Site "Pune"]
[Date "2014.06.13"]
[Round "4"]
[White "Lalith Babu, M R."]
[Black "Kathmale, Sameer"]
[Result "1-0"]
[WhiteElo "2580"]
[BlackElo "2236"]
[PlyCount "69"]
[EventDate "2014.06.11"]
[EventType "team"]
[EventCountry "IND"]

1. Nf3 d5 2. d4 Nf6 3. c4 c6 4. Nc3 dxc4 5. a4 e6 6. e3 c5 7. Bxc4 cxd4 8. exd4
Nc6 9. O-O Be7 10. Qe2 O-O 11. Rd1 Nb4 12. Bg5 Bd7 13. d5 exd5 14. Nxd5 Nfxd5
15. Bxe7 Nxe7 16. Ne5 Ned5 17. Bxd5 Qe7 18. Bxf7+ Rxf7 19. Rxd7 Qxd7 20. Nxd7
Rxd7 21. Qe6+ Rf7 22. Rd1 Raf8 23. Rd7 Nc6 24. Rxf7 Rxf7 25. Qc8+ Rf8 26. Qxb7
Rf6 27. b4 h5 28. h3 Kh7 29. b5 Nd4 30. Qe4+ Nf5 31. g4 hxg4 32. hxg4 g6 33.
gxf5 Rxf5 34. Qb7+ Kh6 35. Qxa7 1-0

[Event "Maharashtra Chess League"]
[Site "Pune"]
[Date "2014.06.13"]
[Round "4"]
[White "Vishnu Prasanna, V."]
[Black "Dhopade, Swapnil"]
[Result "1/2-1/2"]
[WhiteElo "2479"]
[BlackElo "2377"]
[PlyCount "109"]
[EventDate "2014.06.11"]
[EventType "team"]
[EventCountry "IND"]

1. c4 Nf6 2. Nc3 c5 3. g3 Nc6 4. Nf3 g6 5. Bg2 Bg7 6. O-O O-O 7. d4 cxd4 8.
Nxd4 Qa5 9. Nb3 Qh5 10. e4 d6 11. Qxh5 Nxh5 12. Bg5 h6 13. Be3 Nf6 14. h3 Ne5
15. c5 Nc4 16. cxd6 exd6 17. Bf4 Nh5 18. Bc1 Bd7 19. Rd1 Rac8 20. g4 Nf6 21.
Bf1 Rfe8 22. f3 Bf8 23. Kg2 Be6 24. Nd4 Bd7 25. Ndb5 Bxb5 26. Nxb5 Nxb2 27.
Bxb2 Rc2+ 28. Kg3 Rxb2 29. Nxd6 Bxd6+ 30. Rxd6 Kg7 31. Rc1 Re7 32. a4 Rb3 33.
Rd3 Rxd3 34. Bxd3 b6 35. Rc8 g5 36. Bb5 Nh7 37. h4 Nf8 38. h5 Ne6 39. Kf2 Rc7
40. Ra8 Rc2+ 41. Ke3 Rc3+ 42. Kd2 Rc7 43. Kd3 Kf6 44. Kd2 Kg7 45. e5 Nd4 46.
Ke3 Nxb5 47. axb5 Rc5 48. Ke4 Rxb5 49. Rxa7 Rb4+ 50. Kd5 Kg8 51. Rb7 Rb3 52.
Ke4 Rb4+ 53. Kd5 Rb3 54. Ke4 Rb4+ 55. Kd5 1/2-1/2

[Event "Maharashtra Chess League"]
[Site "Pune"]
[Date "2014.06.13"]
[Round "4"]
[White "Kulkarni, Rakesh"]
[Black "Kunte, Abhijit"]
[Result "1-0"]
[WhiteElo "2274"]
[BlackElo "2482"]
[PlyCount "96"]
[EventDate "2014.06.11"]
[EventType "team"]
[EventCountry "IND"]

1. e4 c5 2. b4 cxb4 3. a3 bxa3 4. Nxa3 d6 5. Nf3 Nf6 6. Bd3 g6 7. Bb2 Bg7 8.
O-O O-O 9. h3 Nbd7 10. e5 dxe5 11. Nxe5 Nxe5 12. Bxe5 Bd7 13. Re1 Bc6 14. Qe2
Qd5 15. Qf1 Rfd8 16. Nc4 b6 17. Bc3 e6 18. Ne5 Bb7 19. Bc4 Qd6 20. Nxf7 Kxf7
21. Rxe6 Qxe6 22. Bxe6+ Kxe6 23. Re1+ Kf7 24. Qe2 Re8 25. Qc4+ Nd5 26. Rxe8
Rxe8 27. Qa4 Re7 28. Qxa7 b5 29. Bxg7 Kxg7 30. Qd4+ Kf7 31. c3 h5 32. d3 Rc7
33. c4 bxc4 34. dxc4 Nf6 35. Qf4 Re7 36. Kh2 Re4 37. Qc7+ Re7 38. Qb6 Be4 39.
f3 Bf5 40. Qd4 Be6 41. g4 hxg4 42. hxg4 Rc7 43. c5 Nd5 44. Kg3 Ne7 45. Qf4+
Nf5+ 46. gxf5 Rxc5 47. fxe6+ Kxe6 48. Qe3+ Kd5 1-0

[Event "Maharashtra Chess League"]
[Site "Pune"]
[Date "2014.06.13"]
[Round "4"]
[White "Gagare, Shardul"]
[Black "Sharma, Himanshu"]
[Result "0-1"]
[WhiteElo "2358"]
[BlackElo "2427"]
[PlyCount "152"]
[EventDate "2014.06.11"]
[EventType "team"]
[EventCountry "IND"]

1. c4 Nf6 2. d4 d5 3. Nf3 Nbd7 4. g3 e6 5. Bg2 dxc4 6. O-O Nb6 7. Qc2 Rb8 8. e4
Bd7 9. Nc3 Be7 10. Ne5 O-O 11. Be3 Ne8 12. Qe2 Nd6 13. a4 a5 14. d5 Bf6 15. f4
Bxe5 16. fxe5 Ndc8 17. Bc5 Ne7 18. Qf2 Nbc8 19. Rad1 Qe8 20. Qd4 b6 21. Ba3 c5
22. dxc6 Bxc6 23. Qxc4 Rb7 24. Rf2 h6 25. Rfd2 Kh7 26. b3 Rg8 27. h4 Na7 28.
Rd8 Qxd8 29. Rxd8 Rxd8 30. Bd6 Nac8 31. Nd5 exd5 32. exd5 Bxd5 33. Bxd5 Nxd5
34. Qxd5 Nxd6 35. exd6 Rbd7 36. Kg2 Kg8 37. h5 Rxd6 38. Qb5 Rd2+ 39. Kh3 R2d5
40. Qxb6 Rxh5+ 41. Kg2 Rd2+ 42. Kf3 Rg5 43. Qe3 Rd6 44. Qe8+ Kh7 45. Qe4+ Rdg6
46. g4 Rxg4 47. Qf5 Rg3+ 48. Ke4 Rxb3 49. Qxf7 Rb4+ 50. Kd5 Rg5+ 51. Kc6 Rxa4
52. Qf2 Rc4+ 53. Kb6 a4 54. Qe2 Rb4+ 55. Kc6 Rf4 56. Qa2 Rf6+ 57. Kd7 Rf4 58.
Qd2 Rff5 59. Kc6 a3 60. Kb6 Rg4 61. Kc6 Ra4 62. Qc2 Raa5 63. Qa2 Rfc5+ 64. Kd7
Rf5 65. Ke8 h5 66. Qc2 Rac5 67. Qa2 Ra5 68. Qa1 Rf4 69. Qa2 Rf6 70. Qc2+ Kh6
71. Qa2 Kh7 72. Qc2+ Kh8 73. Qa2 Rb6 74. Kd7 Ra7+ 75. Kc8 Rf6 76. Kb8 Re7 0-1

[Event "Maharashtra Chess League"]
[Site "Pune"]
[Date "2014.06.13"]
[Round "4"]
[White "Deshmukh, Anup"]
[Black "Hagawane, Aakanksha"]
[Result "1-0"]
[WhiteElo "2256"]
[BlackElo "1802"]
[PlyCount "107"]
[EventDate "2014.06.11"]
[EventType "team"]
[EventCountry "IND"]

1. c4 e5 2. Nc3 Nf6 3. Nf3 Nc6 4. g3 d5 5. cxd5 Nxd5 6. Bg2 Be6 7. O-O Be7 8.
d4 Nxc3 9. bxc3 e4 10. Nd2 f5 11. e3 O-O 12. c4 Bf7 13. Bb2 Bf6 14. Rc1 Re8 15.
a3 Rb8 16. Qe2 a6 17. Kh1 Ne7 18. Rfd1 b5 19. Bc3 bxc4 20. Nxc4 Nd5 21. Be1 Qe7
22. Rb1 Qe6 23. Na5 Rb6 24. Rdc1 Reb8 25. Qc2 h6 26. Bf1 Kh7 27. Nc4 Rxb1 28.
Rxb1 Rxb1 29. Qxb1 Be8 30. Na5 Be7 31. Qb3 Qd6 32. Bc4 Nb6 33. Bb4 Qf6 34. Bxe7
Qxe7 35. Bxa6 Ba4 36. Qb4 Qf7 37. Qd2 Qd5 38. Bf1 Be8 39. Kg1 Qd6 40. Qc3 Nd5
41. Qc5 Qxc5 42. dxc5 Nc3 43. Nb3 Nb5 44. Nd4 g6 45. g4 Nxa3 46. gxf5 gxf5 47.
Nxf5 Kg6 48. Ng3 Bc6 49. Bg2 Nc2 50. Bxe4+ Bxe4 51. Nxe4 Kf5 52. Nc3 Nb4 53.
Nb5 Kg4 54. Nxc7 1-0

[Event "Maharashtra Chess League"]
[Site "Pune"]
[Date "2014.06.13"]
[Round "4"]
[White "Bakre, Tejas"]
[Black "Karavade, Eesha"]
[Result "1/2-1/2"]
[WhiteElo "2507"]
[BlackElo "2437"]
[PlyCount "91"]
[EventDate "2014.06.11"]
[EventType "team"]
[EventCountry "IND"]

1. d4 Nf6 2. Nf3 d5 3. e3 e6 4. Bd3 b6 5. O-O Bb7 6. Nbd2 Bd6 7. Ne5 O-O 8. f4
c5 9. c3 Ne4 10. Nxe4 dxe4 11. Bb5 a6 12. Be2 Qc7 13. Bd2 Nd7 14. Be1 Nxe5 15.
fxe5 Be7 16. Bg3 Rad8 17. Qe1 Qc6 18. Bh4 Qc7 19. Rf4 cxd4 20. Bxe7 Qxe7 21.
exd4 b5 22. Qg3 b4 23. Raf1 bxc3 24. bxc3 Kh8 25. Qf2 Rd7 26. Bd1 Bd5 27. Bb3
Rc7 28. Qe3 Kg8 29. Rg4 f5 30. exf6 Rxf6 31. Rxf6 Qxf6 32. Rf4 Qd8 33. Rf1 Qc8
34. Rc1 h6 35. h3 a5 36. c4 a4 37. Bxa4 Rxc4 38. Rxc4 Qxc4 39. Bb3 Qb4 40. Kh2
Qb5 41. Kg1 Qb4 42. Kf2 Qb8 43. Qg3 Qb4 44. Qe3 Qb8 45. Qg3 Qb4 46. Qe3 1/2-1/2

[Event "Maharashtra Chess League"]
[Site "Pune"]
[Date "2014.06.13"]
[Round "4"]
[White "Kulkarni, Bhakti"]
[Black "Vignesh, Nr"]
[Result "1-0"]
[WhiteElo "2278"]
[BlackElo "2085"]
[PlyCount "73"]
[EventDate "2014.06.11"]
[EventType "team"]
[EventCountry "IND"]

1. d4 Nf6 2. c4 e6 3. Nc3 Bb4 4. Qb3 c5 5. dxc5 Nc6 6. Bg5 Bxc5 7. e3 O-O 8.
Nf3 b6 9. Be2 Bb7 10. Rd1 Be7 11. O-O Rc8 12. Qa4 Qc7 13. Bf4 e5 14. Bg5 Na5
15. Bxf6 Bxf6 16. Rxd7 Qb8 17. Rd2 Bc6 18. Qb4 Qb7 19. Nd5 Bxd5 20. cxd5 Rc5
21. Qe4 Rc7 22. b4 Rd8 23. bxa5 bxa5 24. Rb1 Qa8 25. Nxe5 Re8 26. f4 Be7 27.
Bb5 Rb8 28. Nc6 Re8 29. Nxe7+ Rcxe7 30. Qd4 Re4 31. Qc5 Rd8 32. Bc6 Qc8 33. d6
Rb4 34. Rxb4 axb4 35. Rc2 a5 36. d7 Qc7 37. Ba4 1-0

[Event "Maharashtra Chess League"]
[Site "Pune"]
[Date "2014.06.13"]
[Round "5"]
[White "Bakre, Tejas"]
[Black "Gujrathi, Vidit"]
[Result "1/2-1/2"]
[WhiteElo "2507"]
[BlackElo "2549"]
[PlyCount "48"]
[EventDate "2014.06.11"]
[EventType "team"]
[EventCountry "IND"]

1. d4 Nf6 2. Nf3 e6 3. e3 d5 4. Bd3 b6 5. O-O Bb7 6. Nbd2 Bd6 7. Ne5 O-O 8. f4
c5 9. c3 Ne4 10. Nxe4 dxe4 11. Be2 Nc6 12. Bd2 Qc7 13. Be1 Ne7 14. Nc4 cxd4 15.
Nxd6 Qxd6 16. cxd4 Nd5 17. Qb3 a5 18. a4 f5 19. Rc1 Rfc8 20. Bd2 Rxc1 21. Rxc1
Rc8 22. Rxc8+ Bxc8 23. Qc2 Qc7 24. Qxc7 Nxc7 1/2-1/2

[Event "Maharashtra Chess League"]
[Site "Pune"]
[Date "2014.06.13"]
[Round "5"]
[White "Adhiban, B."]
[Black "Hagawane, Aakanksha"]
[Result "1-0"]
[WhiteElo "2575"]
[BlackElo "1802"]
[PlyCount "97"]
[EventDate "2014.06.11"]
[EventType "team"]
[EventCountry "IND"]

1. Nf3 Nf6 2. c4 Nc6 3. d4 e6 4. g3 Bb4+ 5. Bd2 Qe7 6. Nc3 d6 7. d5 Bxc3 8.
Bxc3 Nb8 9. Bg2 O-O 10. O-O a5 11. Nh4 e5 12. Qc2 Nbd7 13. Nf5 Qe8 14. f4 b6
15. b3 Rb8 16. h3 Ra8 17. a4 Rb8 18. Kh2 Ra8 19. Rf2 Rb8 20. Raf1 Kh8 21. fxe5
dxe5 22. Qc1 Rg8 23. Kh1 Qd8 24. g4 Ne8 25. g5 f6 26. gxf6 Nexf6 27. Qg5 Ne4
28. Qe3 Nxf2+ 29. Rxf2 Qe8 30. d6 c5 31. Ne7 Rf8 32. Rxf8+ Qxf8 33. Bxe5 Nxe5
34. Qxe5 Bd7 35. Kg1 Qf7 36. Bd5 Qf6 37. Qxf6 gxf6 38. h4 Kg7 39. e4 Kf8 40.
Kf2 Ke8 41. Kg3 Rd8 42. Kf4 Bc8 43. e5 fxe5+ 44. Kxe5 Bg4 45. Be4 h5 46. Nd5
Bd1 47. Nxb6 Bxb3 48. Kd5 Bd1 49. Kxc5 1-0

[Event "Maharashtra Chess League"]
[Site "Pune"]
[Date "2014.06.13"]
[Round "5"]
[White "Kunte, Abhijit"]
[Black "Pujari, Rucha"]
[Result "1-0"]
[WhiteElo "2482"]
[BlackElo "2131"]
[PlyCount "49"]
[EventDate "2014.06.11"]
[EventType "team"]
[EventCountry "IND"]

1. g3 d5 2. Bg2 Nf6 3. Nf3 g6 4. c4 c6 5. b3 Bg7 6. Bb2 O-O 7. O-O Bf5 8. h3
Nbd7 9. d3 h5 10. Nbd2 Re8 11. Nd4 e5 12. Nxf5 gxf5 13. Nf3 Qe7 14. e3 Nh7 15.
Nh4 Qg5 16. cxd5 cxd5 17. Bxd5 Rad8 18. Rc1 f4 19. Kh2 e4 20. Bxg7 Qxd5 21. Bd4
fxg3+ 22. fxg3 exd3 23. Qxd3 Nc5 24. Rxc5 Qxc5 25. Rxf7 1-0

[Event "Maharashtra Chess League"]
[Site "Pune"]
[Date "2014.06.13"]
[Round "5"]
[White "Srinath, Narayanan"]
[Black "Gagare, Shardul"]
[Result "1/2-1/2"]
[WhiteElo "2484"]
[BlackElo "2358"]
[PlyCount "105"]
[EventDate "2014.06.11"]
[EventType "team"]
[EventCountry "IND"]

1. e4 c6 2. d4 d5 3. e5 Bf5 4. Nf3 e6 5. Be2 c5 6. Be3 cxd4 7. Nxd4 Ne7 8. O-O
Nbc6 9. Bb5 a6 10. Bxc6+ bxc6 11. c4 Qd7 12. Nc3 dxc4 13. Na4 Nd5 14. Nxf5 exf5
15. Rc1 Qe6 16. Nc5 Bxc5 17. Bxc5 Nf4 18. Qf3 Nd3 19. Bd6 Rc8 20. Rc3 g6 21.
Qg3 f4 22. Qh4 Nxe5 23. Bxe5 Qxe5 24. Qh6 f5 25. Rxc4 Kf7 26. b3 f3 27. g3 Rc7
28. Qd2 Re8 29. Rc3 Qe2 30. Qf4 Rd7 31. Rxf3 Re4 32. Re3 Rxe3 33. Qxe3 Qxe3 34.
fxe3 Rd2 35. e4 Rxa2 36. exf5 gxf5 37. Rxf5+ Kg7 38. Rc5 Rb2 39. Rxc6 Rxb3 40.
Rxa6 Rb2 41. Rd6 Rc2 42. Re6 Rd2 43. h4 h5 44. Re5 Kg6 45. Rg5+ Kh6 46. Kf1 Rc2
47. Ke1 Rg2 48. Kf1 Rc2 49. Rf5 Kg6 50. Rf4 Rd2 51. Ke1 Rg2 52. Rf3 Rb2 53. Rf8
1/2-1/2